Visualizzazione normale
Vista MARC
- Pavignano Anna
di Personal Name
Records bibliografici associati: 1
001 - CONTROL NUMBER
- control field: 39555
003 - CONTROL NUMBER IDENTIFIER
- control field: IT-RoPau
005 - DATE AND TIME OF LATEST TRANSACTION
- control field: 20151126102650.0
008 - FIXED-LENGTH DATA ELEMENTS
- fixed length control field: 151126|| aca||aabn | a|a d
040 ## - CATALOGING SOURCE
- Original cataloging agency: IT-RoPau
- Transcribing agency: IT-RoPau
100 ## - HEADING--PERSONAL NAME
- Personal name: Pavignano Anna
- Relator term: (soggetto)
- Miscellaneous information: Codice Soggetto 2° SPICS: 30773
670 ## - SOURCE DATA FOUND
- Source citation: Work cat.: (IT-RoPau)105114: Sollima Sergio Codice regista SPICS: 30774 39550, PASSI D'AMORE PASSI D'AMORE (Rif. Codice opera principale : 87060)